01008nam a22002655a 450000500170000000800410001702000180005804000380007608200240011424500690013825000260020726000720023330000330030550000260033850000300036450400410039465000460043565000300048165100100051165300240052170000270054594200080057299900170058095201450059720161127111746.0161127r20092007ii a frb 001 0 eng d a9788131210574 aEG-ScBUEbengcEG-ScBUEdEG-ScBUE04222a611.018931bORB00aOrban's Oral histology and embryology /cedited by G. S. Kumar. a12th ed., Reprint ed. aNew Delhi :bElsevier / Reed Elsevier India Private Limited,c2009. axi, 363 p. :bill. ;c28 cm. aIndex : p. [355]-363. aReprinted of the 2007 ed. aIncludes bibliographical references. 72BUEshaMouthxAnatomy & histology.930172 72BUEshaMouthxEmbryology. 2BUEsh bDDentcNovember20161 aG. S., Kumar,eeditor. 2ddc c23340d23312 00102ddc40708BaccahaMAINbMAINc1STd2016-11-27ePurchaseg198.00h25138l0o611.018931 ORBp000040062r2025-07-15 00:00:00v247.50yBB